000 00847nam a22001935i 4500
001 165132
003 ES-MaACL
005 20250821063103.0
008 950206s1857 sp a |||| | spa d
040 _aCLM
100 1 _aMontesino, Cipriano Segundo,
_d1817-1901
_9132635
245 1 0 _aRompimiento del Istmo de Suez
_b: Memoria que acerca de la unión del mar Rojo al Mediterráneo, por medio de un canal marítimo /
_cpresenta al gobierno de S.M. Cipriano Segundo Montesino.
260 _aMadrid :
_bImprenta Nacional,
_c1857.
300 _aVII, 632 p., [1] h. pleg., [2] h. de map. pleg. :
_bil. ;
_c24 cm.
599 _aLas h. de map.: "Grav. y lit. por J. M. Torres", representan el Istmo de Suez y un perfil del mismo.
752 _aEspaña -
_dMadrid
852 _aES-MaACL
_jG-9569
_z-- Enc. hol.
999 _c165132
_d165132